2024 NASCAR Xfinity Series Drivers - Statistics

General Stats
  • This quiz has been taken 736 times
    216 since last reset
  • The average score is 24 of 45
Answer Stats
Team Car # Driver % Correct
JR Motorsports 8 Sammy Smith
86%
JR Motorsports 1 Sam Mayer
85%
Kaulig Racing 16 AJ Allmendinger
84%
Stewart-Haas Racing 00 Cole Custer
83%
JR Motorsports 7 Justin Allgaier
83%
Richard Childress Racing 21 Austin Hill
82%
JR Motorsports 9 Brandon Jones
82%
Joe Gibbs Racing 81 Chandler Smith
82%
Richard Childress Racing 2 Jesse Love
79%
Kaulig Racing 97 Shane van Gisbergen
77%
Joe Gibbs Racing 18 Sheldon Creed
75%
Kaulig Racing 10* Daniel Dye
74%
Stewart-Haas Racing 98 Riley Herbst
74%
Jeremy Clements Racing 51 Jeremy Clements
68%
Kaulig Racing 11 Josh Williams
66%
Joe Gibbs Racing 20* Aric Almirola
64%
RSS Racing 28 Kyle Sieg
64%
RSS Racing 39 Ryan Sieg
64%
Big Machine Racing 48 Parker Kligerman
63%
Joey Gase Racing 35 Joey Gase
61%
Jordan Anderson Racing 27 Jeb Burton
60%
JR Motorsports 88* Dale Earnhardt Jr
59%
Our Motorsports 5 Anthony Alfredo
57%
JR Motorsports 88* Carson Kvapil
57%
AM Racing 15 Hailie Deegan
55%
Sam Hunt Racing 26* Jeffrey Earnhardt
54%
Jordan Anderson Racing 31 Parker Retzlaff
52%
Joe Gibbs Racing 19* Ryan Truex
49%
Alpha Prime Racing 44 Brennan Poole
41%
Sam Hunt Racing 26* Corey Heim
39%
Young's Motorsports 42 Leland Honeyman Jr
34%
RSS Racing 38 Matt DiBenedetto
34%
RSS Racing 29 Blaine Perkins
32%
Alpha Prime Racing 43 Ryan Ellis
32%
Joe Gibbs Racing 19* Taylor Gray
32%
DGM Racing 92* Josh Bilicki
26%
DGM Racing 91 Kyle Weatherman
24%
JD Motorsports 4 Dawson Cram
23%
JD Motorsports 6 Garrett Smithley
19%
Joe Gibbs Racing 19* Joe Graf Jr
19%
Joe Gibbs Racing 19* William Sawalich
17%
Alpha Prime Racing 45* Caesar Bacarella
16%
Sam Hunt Racing 26* Sage Karam
16%
DGM Racing 92* Alex Labbe
9%
Alpha Prime Racing 45* Brad Perez
9%
No matching quizzes found
Score Distribution
Percent of People with Each Score
Percentile by Number Answered
Your Score History
You have not taken this quiz since the last reset